[Event "SV Kamen 1 - SG Niederkassel 1"]
[Site "NRW-Klasse, Gruppe 2 2016/201"]
[Date "2017.05.21"]
[Round "9.8"]
[White "Georg, Felix"]
[Black "Guelsen, Taylan"]
[Result "1/2-1/2"]
[WhiteElo "1973"]
[BlackElo "2045"]
[Annotator "Daniel"]
[PlyCount "199"]
[EventDate "2017.??.??"]
[WhiteTeam "SV Kamen 1"]
[BlackTeam "SG Niederkassel 1"]

1. e4 e6 2. d4 d5 3. Nc3 dxe4 4. Nxe4 Nd7 5. Nf3 Ngf6 6. Bg5 Be7 7. Bxf6 Nxf6
8. Bd3 Qd5 9. Qe2 O-O 10. O-O Nxe4 11. Bxe4 Qh5 12. Rfe1 Bd6 13. Ne5 Qxe2 14.
Rxe2 c5 15. Nc4 Be7 16. dxc5 Bxc5 17. Rd1 Rb8 18. Red2 Be7 19. c3 Bf6 20. f4 b5
21. Na5 b4 22. c4 Rb6 23. b3 Ra6 24. Nb7 e5 25. f5 g6 26. g4 Bg5 27. Re2 h5 28.
h3 hxg4 29. hxg4 Kg7 30. Nc5 Ra5 31. Rd5 Ra3 32. Rxe5 Bf6 33. Rd5 Re8 $11 34.
Kf2 Rh8 35. Kg3 Bh4+ 36. Kf4 Bd8 37. Bg2 Bc7+ 38. Kf3 Bb6 39. Ne4 gxf5 40. gxf5
Ra5 41. f6+ Kf8 42. Red2 Rxd5 43. cxd5 Rg8 44. Kf4 Bg1 45. Bf3 Rh8 46. Ke5 Bh2+
47. Kd4 Ba6 48. Kc5 Ke8 49. Kxb4 Rh4 50. Kc5 Kd7 51. Rg2 Bc7 52. Bg4+ Ke8 53.
Nd6+ Kf8 54. Nc4 Bd8 55. Kc6 Bxf6 56. Kc7 Bg5 57. d6 Bf4 58. Kc6 Rh6 59. Rf2
Bg3 60. Rd2 Ke8 61. Rd5 Kf8 62. Ne5 Kg7 63. b4 Bf1 64. Bf3 Bh3 65. Kc7 Be6 66.
Rc5 Rh8 67. d7 Bh4 68. Bg4 f5 69. Bf3 Kf6 70. Nc6 Bg3+ 71. Kb7 Bxd7 72. Nxa7
Rb8+ 73. Ka6 Rxb4 74. Bc6 Be6 75. Bb5 Bxa2 76. Nc6 Rb2 77. Nd4 Rf2 78. Rc2 Rxc2
79. Nxc2 Bf2 80. Ka5 Bb3 81. Bd3 f4 82. Kb4 Bf7 83. Kc3 Kg5 84. Bf1 Kg4 85. Kd2
Kg3 86. Ne1 Bb6 87. Nd3 Ba5+ 88. Kd1 Bh5+ 89. Be2 f3 90. Bf1 Bc3 91. Kc2 Bd4
92. Kd2 Bb6 93. Ke1 Be8 94. Kd2 Bb5 95. Ke1 Be3 96. Kd1 Ba4+ 97. Ke1 Kg4 98.
Nb2 Bb3 99. Nd3 Bc2 100. Nb2 {Rest nicht nachvollziehbar!} 1/2-1/2

[Event "Herforder SV Königsspringer 1 - SK Müns"]
[Site "NRW-Klasse, Gruppe 2 2016/201"]
[Date "2017.05.21"]
[Round "9.1"]
[White "Wieder, Heiner"]
[Black "Kirnos, Evgeni"]
[Result "1-0"]
[WhiteElo "2088"]
[BlackElo "2160"]
[PlyCount "63"]
[EventDate "2017.??.??"]
[WhiteTeam "SK Münster 2"]
[BlackTeam "Herforder SV Königsspringer 1"]

1. e4 e5 2. Nf3 d6 3. d4 Nd7 4. Bc4 Be7 5. dxe5 Nxe5 6. Nxe5 dxe5 7. Qh5 g6 8.
Qxe5 f6 9. Qb5+ Kf8 10. Qb3 Kg7 11. Be3 c6 12. a4 Bd6 13. Nc3 Qe7 14. O-O-O Nh6
15. h3 Rf8 16. Rhe1 Nf7 17. f4 Bc7 18. g4 a6 19. e5 fxe5 20. Bd4 b5 21. Bxf7
Rxf7 22. Rxe5 Bxe5 23. Bxe5+ Kg8 24. Rd6 Bb7 25. Ne4 Rd8 26. Nf6+ Kf8 27. Re6
Qc5 28. Nxh7+ Rxh7 29. Rf6+ Kg7 30. Rf7+ Kg8 31. Rg7+ Kh8 32. Rg8# 1-0

[Event "Herforder SV Königsspringer 1 - SK Müns"]
[Site "NRW-Klasse, Gruppe 2 2016/201"]
[Date "2017.05.21"]
[Round "9.2"]
[White "Nordsieck, Thomas"]
[Black "Virnyi, Julius"]
[Result "1-0"]
[WhiteElo "2264"]
[BlackElo "2062"]
[PlyCount "55"]
[EventDate "2017.??.??"]
[WhiteTeam "Herforder SV Königsspringer 1"]
[BlackTeam "SK Münster 2"]

1. e4 c5 2. Nf3 Nc6 3. c3 Nf6 4. e5 Nd5 5. d4 cxd4 6. Bc4 Nb6 7. Bb3 d6 8. exd6
e6 9. cxd4 Bxd6 10. Nc3 O-O 11. O-O e5 12. Bg5 Be7 13. Bxe7 Qxe7 14. dxe5 Bg4
15. Nd5 Nxd5 16. Qxd5 Rad8 17. Qe4 Bxf3 18. Qxf3 Qxe5 19. Rab1 Rd2 20. Rfe1
Rxb2 21. Rbd1 Qc5 22. Re8 Rxb3 23. Rxf8+ Kxf8 24. Qxb3 b6 25. Qh3 Qc2 26. Qc8+
Ke7 27. Qd7+ Kf8 28. Qd6+ 1-0

[Event "Herforder SV Königsspringer 1 - SK Müns"]
[Site "NRW-Klasse, Gruppe 2 2016/201"]
[Date "2017.05.21"]
[Round "9.3"]
[White "Neuer, Thomas"]
[Black "Bentel, Robin"]
[Result "0-1"]
[WhiteElo "2066"]
[BlackElo "2044"]
[Annotator "Daniel"]
[PlyCount "140"]
[EventDate "2017.??.??"]
[WhiteTeam "SK Münster 2"]
[BlackTeam "Herforder SV Königsspringer 1"]

1. Nf3 Nf6 2. g3 g6 3. b3 Bg7 4. Bb2 O-O 5. Bg2 d6 6. d4 c5 7. c4 Nc6 8. O-O a6
9. d5 Na5 10. Nbd2 e6 11. dxe6 fxe6 12. e4 e5 13. Ne1 Qe7 14. Nd3 Nc6 15. h3
Nh5 16. Kh2 Be6 17. Qe2 Rf7 18. Rae1 Bh6 19. Nf3 Raf8 20. Ng1 b5 21. Bc1 Nd4
22. Qd1 Bxc1 23. Qxc1 bxc4 24. bxc4 Rf6 25. f4 exf4 26. gxf4 R6f7 27. Ne2 $11
Nxe2 28. Rxe2 Qh4 29. Re3 Nxf4 30. Nxf4 Rxf4 31. Rxf4 Qxf4+ 32. Kh1 Rb8 33. Rc3
Qxc1+ 34. Rxc1 Kf7 35. Rf1+ Ke7 36. Rc1 Rb2 37. a3 Rb3 38. e5 dxe5 39. Re1 Kf6
40. Rd1 Bxh3 41. Rd6+ Kf5 42. Rxa6 Bxg2+ 43. Kxg2 Rc3 44. Ra7 h5 45. a4 Rxc4
46. a5 Kg4 47. a6 Rc2+ 48. Kf1 Ra2 49. Ra8 h4 50. a7 g5 51. Ke1 h3 52. Kf1 h2
53. Rh8 Rxa7 54. Kg2 c4 55. Rh6 Rc7 56. Ra6 c3 57. Ra1 c2 58. Rc1 Kf4 59. Kh1
Ke3 60. Rxc2 Rf7 61. Rc3+ Kd4 62. Rc8 e4 63. Rd8+ Kc3 64. Kxh2 e3 65. Re8 Kd2
66. Rd8+ Ke1 67. Kg2 e2 68. Rd5 Rf4 69. Rxg5 Rf2+ 70. Kg3 Kf1 0-1

[Event "Herforder SV Königsspringer 1 - SK Müns"]
[Site "NRW-Klasse, Gruppe 2 2016/201"]
[Date "2017.05.21"]
[Round "9.4"]
[White "Loemker, Michael"]
[Black "Kubo, Thomas"]
[Result "1-0"]
[WhiteElo "2027"]
[BlackElo "1977"]
[PlyCount "47"]
[EventDate "2017.??.??"]
[WhiteTeam "Herforder SV Königsspringer 1"]
[BlackTeam "SK Münster 2"]

1. d4 e6 2. c4 Bb4+ 3. Bd2 a5 4. Nf3 d6 5. Nc3 Qe7 6. e4 Nf6 7. Bd3 Nc6 8. O-O
Bxc3 9. Bxc3 e5 10. d5 Nb8 11. c5 O-O 12. cxd6 cxd6 13. Nd2 Nbd7 14. Qe2 Nc5
15. Bb5 g6 16. f4 exf4 17. Rxf4 Nh5 18. Rf2 Qh4 19. Qe3 Bd7 20. g3 Qe7 21. Be2
f5 22. Bxh5 gxh5 23. Qd4 Qe5 24. Qxc5 1-0

[Event "Herforder SV Königsspringer 1 - SK Müns"]
[Site "NRW-Klasse, Gruppe 2 2016/201"]
[Date "2017.05.21"]
[Round "9.5"]
[White "Quante, Lennart"]
[Black "Hanisch, Bernd"]
[Result "0-1"]
[WhiteElo "1969"]
[BlackElo "1995"]
[PlyCount "100"]
[EventDate "2017.??.??"]
[WhiteTeam "SK Münster 2"]
[BlackTeam "Herforder SV Königsspringer 1"]

1. d4 Nf6 2. c4 e6 3. g3 d5 4. Nf3 Be7 5. Bg2 O-O 6. O-O c6 7. Qc2 Nbd7 8. Nbd2
b6 9. e4 dxe4 10. Nxe4 Bb7 11. Nxf6+ Bxf6 12. Rd1 Qc8 13. Bf4 c5 14. d5 exd5
15. cxd5 Re8 16. Rd2 Ne5 17. Bxe5 Bxe5 18. d6 Qd7 19. Ng5 g6 20. Bxb7 Qxb7 21.
Rad1 Bd4 22. Qc4 Rad8 23. Rxd4 cxd4 24. Qxd4 h6 25. Nh3 Qe4 26. Qd2 Qf3 27. Nf4
Kh7 28. Qd4 Re4 29. Qd5 Rd7 30. Qd2 Kg7 31. b3 g5 32. Ng2 Re6 33. Ne3 Rexd6 34.
Qc3+ Kg6 35. Qc2+ f5 36. Rxd6+ Rxd6 37. Qc4 Qa8 38. Qc7 Rc6 39. Qe5 Rc1+ 40.
Nf1 Qc6 41. h4 gxh4 42. gxh4 Qe4 43. Qh8 Qg4+ 44. Kh2 Qxh4+ 45. Kg2 Qe4+ 46. f3
Qe2+ 47. Kg3 Qe1+ 48. Kf4 Qh4+ 49. Ke3 Qe7+ 50. Kf2 Qe1+ 0-1

[Event "Herforder SV Königsspringer 1 - SK Müns"]
[Site "NRW-Klasse, Gruppe 2 2016/201"]
[Date "2017.05.21"]
[Round "9.6"]
[White "Quelle, Helmut"]
[Black "Austrup, David"]
[Result "1/2-1/2"]
[WhiteElo "2018"]
[BlackElo "1910"]
[PlyCount "60"]
[EventDate "2017.??.??"]
[WhiteTeam "Herforder SV Königsspringer 1"]
[BlackTeam "SK Münster 2"]

1. Nf3 Nf6 2. g3 g6 3. Bg2 Bg7 4. c4 d6 5. d4 O-O 6. O-O a6 7. Nc3 Nc6 8. Bf4
Rb8 9. Rc1 h6 10. d5 e5 11. dxe6 Bxe6 12. b3 g5 13. Bd2 Bf5 14. Ne1 Re8 15. Nc2
Ne4 16. Nxe4 Bxe4 17. Ne3 Bxg2 18. Kxg2 Qd7 19. Bc3 Ne5 20. Qc2 Qe6 21. Rcd1
Ng4 22. Nxg4 Qxg4 23. Bxg7 Kxg7 24. Qc3+ f6 25. e3 Qe4+ 26. Kg1 Re7 27. Rd5 Re5
28. Rfd1 Rbe8 29. R5d4 Qf3 30. b4 b6 1/2-1/2

[Event "Herforder SV Königsspringer 1 - SK Müns"]
[Site "NRW-Klasse, Gruppe 2 2016/201"]
[Date "2017.05.21"]
[Round "9.7"]
[White "Kaufhold, Thomas"]
[Black "Heuermann, Heinz-Burkhard"]
[Result "0-1"]
[WhiteElo "2000"]
[BlackElo "1891"]
[PlyCount "130"]
[EventDate "2017.??.??"]
[WhiteTeam "SK Münster 2"]
[BlackTeam "Herforder SV Königsspringer 1"]

1. d4 Nf6 2. c4 g6 3. Nc3 d5 4. Bf4 Bg7 5. Nf3 c6 6. e3 O-O 7. Qb3 e6 8. Be2
Qb6 9. O-O Nbd7 10. Qc2 Re8 11. h3 dxc4 12. Bxc4 Nd5 13. Bg3 Ne7 14. Ne4 Nf5
15. Be5 Nxe5 16. dxe5 Ne7 17. g4 Bd7 18. Nf6+ Bxf6 19. exf6 Nd5 20. g5 e5 21.
Qe4 h5 22. gxh6 Qd8 23. h7+ Kh8 24. Bxd5 Bf5 25. Qh4 cxd5 26. Rfd1 Re6 27. Ng5
Qxf6 28. Rxd5 Re7 29. Rad1 Rae8 30. Rd8 Qg7 31. Qa4 Qf8 32. Rxe8 Rxe8 33. Qxa7
f6 34. Nf3 Be4 35. Nh4 Qh6 36. Qa4 Qg5+ 37. Kf1 Bc6 38. Qg4 Qxg4 39. hxg4 Kxh7
40. Rd6 Kg7 41. Kg1 Rh8 42. Ng2 Ra8 43. a3 Ra4 44. f4 Rc4 45. Rd2 Bxg2 46. Kxg2
exf4 47. exf4 Rxf4 48. Kg3 Re4 49. Rd7+ Kh6 50. Rxb7 Kg5 51. Rb5+ f5 52. gxf5
gxf5 53. Rb3 Rg4+ 54. Kh3 Rh4+ 55. Kg2 Rd4 56. Rf3 f4 57. b4 Kg4 58. b5 Rd2+
59. Rf2 f3+ 60. Kg1 Rd3 61. Rb2 Kg3 62. Rb1 Rd2 63. Rf1 Rg2+ 64. Kh1 Rh2+ 65.
Kg1 f2+ 0-1

[Event "Herforder SV Königsspringer 1 - SK Müns"]
[Site "NRW-Klasse, Gruppe 2 2016/201"]
[Date "2017.05.21"]
[Round "9.8"]
[White "Klemme, Thomas"]
[Black "Niermann, Rainer"]
[Result "1-0"]
[WhiteElo "1945"]
[BlackElo "2002"]
[PlyCount "59"]
[EventDate "2017.??.??"]
[WhiteTeam "Herforder SV Königsspringer 1"]
[BlackTeam "SK Münster 2"]

1. b3 e5 2. Bb2 Nc6 3. e3 d5 4. Bb5 Bd6 5. f4 Qe7 6. Nf3 Bg4 7. h3 Bxf3 8. Qxf3
Nf6 9. O-O O-O 10. Bxc6 bxc6 11. d3 exf4 12. exf4 Rfe8 13. Nd2 Bb4 14. Rad1
Qc5+ 15. Kh2 Qxc2 16. Bxf6 gxf6 17. Rf2 Kf8 18. Nf1 Qc3 19. Qh5 Bc5 20. d4 Bxd4
21. Rf3 Be3 22. Qxh7 d4 23. Rd3 Qc1 24. Nxe3 Rxe3 25. Qh8+ Ke7 26. Qxa8 Rxd3
27. Rxd3 Qxf4+ 28. Rg3 Kd6 29. Qxa7 c5 30. Qa6+ 1-0

[Event "SC Rochade Emsdetten 1 - SV Letmathe 1"]
[Site "NRW-Klasse, Gruppe 2 2016/201"]
[Date "2017.05.21"]
[Round "9.1"]
[White "Podzielny, Karl-Heinz"]
[Black "Kabatianski, Alexander"]
[Result "1/2-1/2"]
[WhiteElo "2348"]
[BlackElo "2297"]
[PlyCount "117"]
[EventDate "2017.??.??"]
[WhiteTeam "SV Letmathe 1"]
[BlackTeam "SC Rochade Emsdetten 1"]

1. d4 Nf6 2. Nf3 e6 3. g3 b6 4. Bg2 Bb7 5. O-O c5 6. c4 cxd4 7. Qxd4 Be7 8. Nc3
d6 9. Rd1 a6 10. Ng5 Bxg2 11. Kxg2 Nc6 12. Qf4 Ra7 13. b3 Rd7 14. Bb2 O-O 15.
Nce4 Ne8 16. h4 h6 17. Nh3 d5 18. cxd5 exd5 19. Nd2 Nf6 20. Rac1 Rd6 21. Qf3
Qd7 22. Nf4 a5 23. Qd3 Rd8 24. Nf3 Nb4 25. Qb1 Nc6 26. Ne5 Qb7 27. Kg1 Nxe5 28.
Bxe5 R6d7 29. Qf5 Ne8 30. Rd3 Bc5 31. Rcd1 g6 32. Qg4 d4 33. Ng2 Ng7 34. Qf4
Qc6 35. Qxh6 Bf8 36. Nf4 Qe4 37. Bf6 Rd6 38. Qg5 Rc8 39. h5 Rc5 40. Qg4 Rxf6
41. Rxd4 Qf5 42. Qxf5 Nxf5 43. Rd8 gxh5 44. Nxh5 Rfc6 45. g4 Ng7 46. Ng3 Ne6
47. Rb8 Rc1 48. Rxc1 Rxc1+ 49. Kg2 Rc2 50. a4 Rc6 51. Nf5 Kh7 52. e3 Bc5 53.
Kf3 Ng7 54. Ng3 Bd6 55. Rb7 Bxg3 56. Kxg3 Kg6 57. f4 f5 58. Kf3 Kf6 59. Rb8
1/2-1/2

[Event "SC Rochade Emsdetten 1 - SV Letmathe 1"]
[Site "NRW-Klasse, Gruppe 2 2016/201"]
[Date "2017.05.21"]
[Round "9.2"]
[White "Hiller, Simon"]
[Black "Adamski, Jan"]
[Result "0-1"]
[WhiteElo "2149"]
[BlackElo "2249"]
[Annotator "Daniel"]
[PlyCount "80"]
[EventDate "2017.??.??"]
[WhiteTeam "SC Rochade Emsdetten 1"]
[BlackTeam "SV Letmathe 1"]

1. Nf3 Nf6 2. c4 e6 3. g3 a6 4. Bg2 b5 5. Nd4 c6 6. cxb5 axb5 7. Nxb5 cxb5 8.
Bxa8 d5 9. Qc2 Bd7 10. O-O Qa5 11. Bb7 Bd6 12. d3 Qa7 13. Bxd5 $11 Nxd5 14. Nc3
O-O 15. Qb3 Qb7 16. e4 Nxc3 17. bxc3 f5 18. f3 fxe4 19. fxe4 Qa7+ 20. Kg2 Rxf1
21. Kxf1 Nc6 22. Ke2 Qg1 23. Bf4 Qxh2+ 24. Kf3 Bxf4 25. gxf4 Qh3+ 26. Kf2 Qh2+
27. Kf3 g5 28. fxg5 Ne5+ 29. Ke3 Ng4+ 30. Kf3 Ne5+ 31. Ke3 Ng4+ 32. Kf3 Qh3+
33. Kf4 Kg7 34. e5 Bc6 35. Rf1 Qxf1+ 36. Kxg4 Qg2+ 37. Kh4 Bf3 38. Qxe6 Qh2+
39. Qh3 Qf4+ 40. Qg4 Qxg4# 0-1

[Event "SC Rochade Emsdetten 1 - SV Letmathe 1"]
[Site "NRW-Klasse, Gruppe 2 2016/201"]
[Date "2017.05.21"]
[Round "9.3"]
[White "Schleining, Zoya"]
[Black "De Groote, Ewoud"]
[Result "1-0"]
[WhiteElo "2378"]
[BlackElo "2265"]
[PlyCount "81"]
[EventDate "2017.??.??"]
[WhiteTeam "SV Letmathe 1"]
[BlackTeam "SC Rochade Emsdetten 1"]

1. Nf3 Nf6 2. c4 e6 3. Nc3 d5 4. d4 Bb4 5. Bg5 h6 6. Bxf6 Qxf6 7. Qb3 c5 8.
cxd5 exd5 9. a3 Bxc3+ 10. Qxc3 Nd7 11. g3 O-O 12. Bg2 Re8 13. e3 b6 14. O-O Bb7
15. Rfc1 Rac8 16. dxc5 bxc5 17. Qxf6 Nxf6 18. Bh3 Rc7 19. Nd4 Ne4 20. b4 c4 21.
Bg2 a6 22. Bxe4 dxe4 23. Rc3 Bd5 24. Rd1 Re5 25. Ne2 g5 26. Rcc1 Kg7 27. Nc3
Be6 28. Rd4 Rd7 29. Rxd7 Bxd7 30. Rd1 Bg4 31. Rd4 Bf3 32. Kf1 Re6 33. Ke1 Kf6
34. Rxc4 Kf5 35. h3 Bg2 36. Ne2 Rd6 37. Nd4+ Ke5 38. Rc5+ Kf6 39. h4 gxh4 40.
gxh4 Bf3 41. Kd2 1-0

[Event "SC Rochade Emsdetten 1 - SV Letmathe 1"]
[Site "NRW-Klasse, Gruppe 2 2016/201"]
[Date "2017.05.21"]
[Round "9.4"]
[White "Paalman, Henk-Jan"]
[Black "Soukup, Jiri"]
[Result "1/2-1/2"]
[WhiteElo "2123"]
[BlackElo "2355"]
[PlyCount "82"]
[EventDate "2017.??.??"]
[WhiteTeam "SC Rochade Emsdetten 1"]
[BlackTeam "SV Letmathe 1"]

1. d4 d5 2. Nf3 Nf6 3. Bf4 e6 4. e3 Bd6 5. Bxd6 cxd6 6. c4 dxc4 7. Bxc4 O-O 8.
Nc3 a6 9. Bd3 Nc6 10. O-O e5 11. dxe5 dxe5 12. h3 Qb6 13. Qe2 Qb4 14. Rac1 h6
15. a3 Qe7 16. Nd2 Be6 17. Rfd1 Rfd8 18. Nde4 Nd7 19. Ng3 g6 20. Bc4 Nb6 21.
Bxe6 Qxe6 22. Rxd8+ Rxd8 23. Rd1 Rxd1+ 24. Qxd1 f5 25. Na4 Nd7 26. Qc2 b6 27.
Ne2 Kf7 28. b4 g5 29. Nc1 e4 30. Nb3 Kg6 31. Nc3 Nde5 32. b5 axb5 33. Nxb5 Qd5
34. N5d4 Nxd4 35. Nxd4 Qa5 36. Qc1 Qc5 37. Qxc5 bxc5 38. Nb5 Nc4 39. a4 f4 40.
Nc3 Kf5 41. Nd1 Ke5 1/2-1/2

[Event "SC Rochade Emsdetten 1 - SV Letmathe 1"]
[Site "NRW-Klasse, Gruppe 2 2016/201"]
[Date "2017.05.21"]
[Round "9.5"]
[White "Gruermann, Martin"]
[Black "Mueller, Achim"]
[Result "1-0"]
[WhiteElo "2200"]
[BlackElo "2002"]
[PlyCount "63"]
[EventDate "2017.??.??"]
[WhiteTeam "SV Letmathe 1"]
[BlackTeam "SC Rochade Emsdetten 1"]

1. e4 c5 2. Nf3 d6 3. d4 cxd4 4. Qxd4 Bd7 5. Be2 Nc6 6. Qe3 g6 7. O-O Bg7 8.
Rd1 Rc8 9. Na3 Qc7 10. h3 Nf6 11. Bd2 O-O 12. c4 a6 13. Bc3 Ne8 14. Rac1 Bxc3
15. Rxc3 Nf6 16. c5 dxc5 17. e5 Nh5 18. Rxc5 Ng7 19. Nc2 Be6 20. Ncd4 Qb6 21.
Qh6 f6 22. exf6 exf6 23. Nxe6 Nxe6 24. Rd7 Rf7 25. Rxf7 Kxf7 26. Qxh7+ Ke8 27.
Qxg6+ Ke7 28. Rd5 Ncd8 29. Nh4 Rc1+ 30. Kh2 Nf8 31. Nf5+ Ke6 32. Qg8+ 1-0

[Event "SC Rochade Emsdetten 1 - SV Letmathe 1"]
[Site "NRW-Klasse, Gruppe 2 2016/201"]
[Date "2017.05.21"]
[Round "9.6"]
[White "Lemli, Thomas"]
[Black "Pfleger, Sascha"]
[Result "0-1"]
[WhiteElo "1976"]
[BlackElo "2002"]
[PlyCount "94"]
[EventDate "2017.??.??"]
[WhiteTeam "SC Rochade Emsdetten 1"]
[BlackTeam "SV Letmathe 1"]

1. Nf3 c5 2. b3 b6 3. Bb2 Bb7 4. e3 Nf6 5. c4 g6 6. Bxf6 exf6 7. Nc3 f5 8. Be2
Bg7 9. Rc1 O-O 10. O-O f4 11. exf4 Qf6 12. g3 Nc6 13. Nd5 Qd6 14. Re1 Rae8 15.
Bf1 Re6 16. Ng5 Rfe8 17. Nxe6 dxe6 18. Nc3 Nb4 19. Ne4 Bxe4 20. Rxe4 Nxa2 21.
Ra1 Bxa1 22. Qxa1 Nb4 23. Qxa7 Qc6 24. Re1 Ra8 25. Qe7 Nc2 26. Rb1 Re8 27. Qf6
Qe4 28. Bg2 Qd3 29. Qc3 Rd8 30. Rc1 Nb4 31. Qf6 Qxd2 32. Ra1 Qd4 33. Qxd4 Rxd4
34. Ra8+ Kg7 35. Rb8 Rd1+ 36. Bf1 Rd6 37. Be2 Nc2 38. Kg2 Rd2 39. Bg4 h5 40.
Bh3 Rd6 41. g4 hxg4 42. Bxg4 Ne1+ 43. Kf1 Nd3 44. f5 exf5 45. Bf3 Nf4 46. Rb7
Rd3 47. Bd5 Rd1# 0-1

[Event "SC Rochade Emsdetten 1 - SV Letmathe 1"]
[Site "NRW-Klasse, Gruppe 2 2016/201"]
[Date "2017.05.21"]
[Round "9.7"]
[White "Schaar, Axel"]
[Black "Bahr, Maximilian"]
[Result "0-1"]
[WhiteElo "1810"]
[BlackElo "1693"]
[PlyCount "86"]
[EventDate "2017.??.??"]
[WhiteTeam "SV Letmathe 1"]
[BlackTeam "SC Rochade Emsdetten 1"]

1. c4 e6 2. Nc3 c5 3. e4 Nc6 4. Nf3 d6 5. d4 cxd4 6. Nxd4 Nf6 7. Be3 Bd7 8. Be2
Be7 9. O-O Qa5 10. Ndb5 O-O 11. Nxd6 Bxd6 12. Qxd6 Rfd8 13. Qc5 Qc7 14. f4 b6
15. Qg5 h6 16. Qh4 Ne7 17. b3 Bc6 18. f5 exf5 19. Nd5 Bxd5 20. exd5 Ng6 21. Qd4
Re8 22. Bd3 Ng4 23. d6 Qd8 24. Bf4 Nxf4 25. Rxf4 g6 26. h3 Nf6 27. b4 a5 28. c5
axb4 29. Qxb4 Nd5 30. Qd2 Nxf4 31. Qxf4 bxc5 32. Rd1 Rxa2 33. Bc4 Ra7 34. Qxh6
Qf6 35. Rd3 Ra1+ 36. Kh2 Qe5+ 37. Rg3 Rh1+ 38. Kxh1 Qxg3 39. Kg1 Re1+ 40. Bf1
Qxd6 41. Qh4 Qd4+ 42. Qxd4 cxd4 43. Kf2 Re3 0-1

[Event "SC Rochade Emsdetten 1 - SV Letmathe 1"]
[Site "NRW-Klasse, Gruppe 2 2016/201"]
[Date "2017.05.21"]
[Round "9.8"]
[White "Schneider, Richard"]
[Black "Demin, Wladimir"]
[Result "0-1"]
[WhiteElo "1461"]
[BlackElo "1776"]
[PlyCount "74"]
[EventDate "2017.??.??"]
[WhiteTeam "SC Rochade Emsdetten 1"]
[BlackTeam "SV Letmathe 1"]

1. d4 d5 2. c4 c6 3. e3 Nf6 4. Nf3 Bg4 5. cxd5 cxd5 6. Be2 Nc6 7. O-O e6 8. a3
Bd6 9. Nbd2 a5 10. h3 Bh5 11. Ne1 Bxe2 12. Qxe2 O-O 13. Ndf3 a4 14. Nd3 Ne4 15.
Bd2 Na5 16. Bxa5 Qxa5 17. Rac1 Rfc8 18. Rfe1 f6 19. Qf1 b5 20. Rxc8+ Rxc8 21.
Rc1 Rc4 22. Qd1 Kf7 23. Nfe5+ fxe5 24. Rxc4 bxc4 25. Qh5+ Kf8 26. dxe5 cxd3 27.
exd6 Qd8 28. Qxh7 Qxd6 29. Qh8+ Kf7 30. Qh5+ Ke7 31. Qg4 Qe5 32. f3 Nc5 33.
Qh4+ Kd6 34. Qd8+ Nd7 35. Qa5 Qxe3+ 36. Kh2 d2 37. Qb4+ Ke5 0-1

[Event "Siegener SV 1 - SC Rochade Emsdetten 1"]
[Site "NRW-Klasse, Gruppe 2 2016/201"]
[Date "2017.03.26"]
[Round "8.2"]
[White "Richter, Gerald"]
[Black "Kabatianski, Alexander"]
[Result "0-1"]
[WhiteElo "2057"]
[BlackElo "2332"]
[PlyCount "54"]
[EventDate "2017.??.??"]
[WhiteTeam "Siegener SV 1"]
[BlackTeam "SC Rochade Emsdetten 1"]

1. d4 Nf6 2. c4 e6 3. Nf3 c5 4. Nc3 cxd4 5. Nxd4 Bb4 6. Bd2 O-O 7. a3 Be7 8. e4
d6 9. Be3 b6 10. Be2 Bb7 11. f3 Nbd7 12. O-O a6 13. b4 Rc8 14. Qb3 Qc7 15. Rac1
Qb8 16. Rfd1 Bd8 17. Kh1 Bc7 18. Bg1 Kh8 19. Bf1 g5 20. g3 g4 21. Bg2 gxf3 22.
Bxf3 Ne5 23. Bg2 Bd8 24. c5 bxc5 25. bxc5 dxc5 26. Nf3 Nxf3 27. Bxf3 Bxe4 0-1

[Event "Siegener SV 1 - SC Rochade Emsdetten 1"]
[Site "NRW-Klasse, Gruppe 2 2016/201"]
[Date "2017.03.26"]
[Round "8.3"]
[White "Hiller, Simon"]
[Black "Bouillon, Christian"]
[Result "1/2-1/2"]
[WhiteElo "2149"]
[BlackElo "2056"]
[PlyCount "64"]
[EventDate "2017.??.??"]
[WhiteTeam "SC Rochade Emsdetten 1"]
[BlackTeam "Siegener SV 1"]

1. Nf3 d5 2. c4 d4 3. b4 g6 4. g3 Bg7 5. d3 Nh6 6. Bg2 Nf5 7. Nbd2 O-O 8. Nb3
e5 9. O-O Re8 10. Nfd2 Nd7 11. a4 Nf6 12. Nc5 Rb8 13. Nde4 Nxe4 14. Nxe4 h6 15.
a5 Nd6 16. Nxd6 Qxd6 17. b5 Bf5 18. Ba3 Qf6 19. Bc5 b6 20. axb6 axb6 21. Bb4 e4
22. Ra7 c6 23. bxc6 Qxc6 24. Qb3 Qe6 25. Rb1 b5 26. dxe4 Bxe4 27. Bxe4 Qxe4 28.
cxb5 Re6 29. Bd6 Rb7 30. Rxb7 Qxb7 31. Bf4 g5 32. Bd2 Rxe2 1/2-1/2

[Event "Siegener SV 1 - SC Rochade Emsdetten 1"]
[Site "NRW-Klasse, Gruppe 2 2016/201"]
[Date "2017.03.26"]
[Round "8.4"]
[White "Becker, Frank"]
[Black "Lehmann, Holger"]
[Result "0-1"]
[WhiteElo "2031"]
[BlackElo "2097"]
[PlyCount "74"]
[EventDate "2017.??.??"]
[WhiteTeam "Siegener SV 1"]
[BlackTeam "SC Rochade Emsdetten 1"]

1. Nf3 c5 2. e3 g6 3. Be2 Bg7 4. O-O Nf6 5. d4 O-O 6. c3 b6 7. Re1 Bb7 8. Nbd2
Qc7 9. Bf1 d5 10. Ne5 Nc6 11. f4 Ne8 12. Ndf3 Nd6 13. Bd3 e6 14. Bd2 Ne7 15.
Qe2 Ne4 16. Rad1 a5 17. Nh4 Qc8 18. Bc1 f6 19. Ng4 Ba6 20. Nf2 Bxd3 21. Qxd3 c4
22. Qc2 f5 23. Nf3 b5 24. Ne5 Qc7 25. Nxe4 dxe4 26. b3 Bxe5 27. fxe5 Nd5 28.
Bd2 Rfc8 29. a4 b4 30. cxb4 c3 31. Bc1 Nxb4 32. Qe2 Qb7 33. Ba3 Nd3 34. Qc2
Rab8 35. Rxd3 exd3 36. Qxd3 Qxb3 37. Bd6 c2 0-1

[Event "Siegener SV 1 - SC Rochade Emsdetten 1"]
[Site "NRW-Klasse, Gruppe 2 2016/201"]
[Date "2017.03.26"]
[Round "8.5"]
[White "Mueller, Achim"]
[Black "Guehne, Otfried"]
[Result "0-1"]
[WhiteElo "2034"]
[BlackElo "1992"]
[PlyCount "114"]
[EventDate "2017.??.??"]
[WhiteTeam "SC Rochade Emsdetten 1"]
[BlackTeam "Siegener SV 1"]

1. e4 e5 2. Nf3 Nc6 3. Bc4 Bc5 4. c3 Qe7 5. d3 d6 6. Nbd2 Be6 7. b4 Bb6 8. Bb3
Nf6 9. a4 a6 10. Nc4 Ba7 11. Bg5 h6 12. Bh4 O-O 13. b5 Nb8 14. O-O Nbd7 15. d4
Bxc4 16. Bxc4 exd4 17. e5 dxe5 18. cxd4 e4 19. Re1 Qd6 20. Bg3 Qb4 21. Ne5 Nxe5
22. dxe5 Qxc4 23. exf6 Qd4 24. fxg7 Rfe8 25. Qc1 Qxg7 26. Qxc7 axb5 27. Qxb7
bxa4 28. Qc6 e3 29. fxe3 Bxe3+ 30. Kh1 Rec8 31. Qe4 Bd4 32. Rad1 Bc3 33. Re3
Re8 34. Qf3 Bd4 35. Red3 Bf6 36. Rd6 Be5 37. Bxe5 Qxe5 38. h3 a3 39. Qg4+ Qg5
40. Qxg5+ hxg5 41. Ra1 Re2 42. Rb6 Kg7 43. Rb3 a2 44. Rb5 Kg6 45. Rb6+ Kf5 46.
Rb7 f6 47. Rb6 Ra5 48. Kh2 Ra3 49. Rb5+ Ke4 50. Rb6 Ke5 51. Rb5+ Kd4 52. Rf5
Ra6 53. Rf3 Rb2 54. Rff1 Kc3 55. Kg3 Rd6 56. Kf3 f5 57. Rac1+ Rc2 0-1

[Event "Siegener SV 1 - SC Rochade Emsdetten 1"]
[Site "NRW-Klasse, Gruppe 2 2016/201"]
[Date "2017.03.26"]
[Round "8.6"]
[White "Schmidt, Matthias"]
[Black "Lemli, Thomas"]
[Result "0-1"]
[WhiteElo "1881"]
[BlackElo "1999"]
[PlyCount "112"]
[EventDate "2017.??.??"]
[WhiteTeam "Siegener SV 1"]
[BlackTeam "SC Rochade Emsdetten 1"]

1. e4 c6 2. d4 d5 3. e5 c5 4. Nf3 cxd4 5. Nxd4 Nc6 6. Nxc6 bxc6 7. Bd3 e6 8.
O-O Ne7 9. Kh1 Nf5 10. Nd2 Be7 11. Nf3 c5 12. c3 a5 13. Bc2 Rb8 14. b3 Bb7 15.
h3 h5 16. Bxf5 exf5 17. Qc2 Bc8 18. e6 Bxe6 19. Ne5 Rb6 20. Bd2 Qa8 21. f4 h4
22. Rae1 g6 23. Rf2 O-O 24. Rfe2 Qc8 25. Kh2 Bf6 26. Rg1 Kg7 27. g3 hxg3+ 28.
Rxg3 Rh8 29. Qd1 Rh6 30. Qg1 Rd6 31. Be3 d4 32. cxd4 cxd4 33. Bxd4 Qd8 34. Bc3
Rd1 35. Re1 Rd5 36. Qe3 Qc7 37. Bb2 Rc5 38. Rg2 Rh8 39. Bd4 Rd5 40. Ba1 Rc8 41.
Nxg6 Bxa1 42. Ne7+ Kf8 43. Nxc8 Bd4 44. Qg3 Ke8 45. Qf3 Kf8 46. Qg3 Ke8 47. Qh4
Kd7 48. Rg8 Bc5 49. Re2 Kc6 50. Qh6 Kb7 51. h4 Bxc8 52. Qg5 Bd6 53. Rf2 Rd4 54.
Qg2+ Kb6 55. Rc2 Bxf4+ 56. Kg1 Rd1+ 0-1